Statistiques concernant Marvel, Quatre Fantastiques : Tous les membres dans les comics

Cliquez ici pour prendre le quiz!

Statistiques générales

  • Ce quiz a été pris 99 fois
  • Le résultat moyen est 13 sur 24

Statistiques - réponses

HintRéponse% Correct
héros vertHulk
94%
X-Men griffuWolverine
90%
cousine verteMiss Hulk
88%
Motard diaboliqueGhost Rider
84%
Le plus populaire des hérosSpider-Man
82%
La Chose
80%
La Femme Invisible
73%
miss météoStorm
72%
La Torche Humaine
70%
Mr Fantastic
70%
Roi de son paysLa Panthère Noire
67%
X-Men glacialIceberg
63%
mini-hérosAnt-Man
59%
Inhumaine rousseMédusa
56%
Apparu dans les 5 premières publications
de la série Heroic Age: One Month to Live
avant de mourir, ce héros pouvait manipuler
la matière sous toutes ses formes. Si vous
ne l'avez pas trouvé, alors il est juste pas
trouvable donc j'vous le donne,
c'est...










Flux (Dennis Sykes).
Flux
45%
Inhumaine blondeCrystal
42%
héros à louerLuke Cage
40%
TigresseTigra
32%
centurion cosmiqueNova
24%
Femme CaillouShe-Thing (Sharon Ventura)
19%
Inhumaine lunatiqueMoon Girl
16%
Atlante (au féminin)Namorita
15%
son ami préhistoriqueDevil Dinosaur
10%
Autre Femme CaillouMs. Thing (Darla Deering)
7%

Distribution des résultats

Percentile par nombre de réponses

% des personnes avec chaque résultat

Votre développement - résultats

Vous n’avez pas pris ce quiz